Countries ending in the letter S - Statistics

General Stats
  • This quiz has been taken 122 times
  • The average score is 14 of 17
Answer Stats
Answer % Correct
Seychelles
86%
Comoros
84%
Laos
84%
Maldives
82%
Marshall Islands
82%
Netherlands
82%
Solomon Islands
82%
St kitts and Nevis
82%
Bahamas
81%
Philippines
81%
St Vincent and the grenadines
79%
Barbados
78%
Mauritius
78%
Cyprus
77%
Honduras
75%
United Arab Emirates
71%
Belarus
67%
No matching quizzes found
Score Distribution
Percent of People with Each Score
Percentile by Number Answered
Your Score History
You have not taken this quiz